| 000 | 00883 a2200289 4500 | ||
|---|---|---|---|
| 999 |
_c114820 _d114820 |
||
| 003 | BJBSDDR | ||
| 005 | 20230411090707.0 | ||
| 007 | ta | ||
| 008 | 221020s2009 ag ||||| |||| 00| 0 spa d | ||
| 020 | _a9789876010498 | ||
| 020 | _a9876010492 | ||
| 040 |
_bspa _cBJBSDDR |
||
| 041 | _aspa | ||
| 050 | 1 | 4 |
_aT 14.5 _bL666p 2009 |
| 082 | 0 | 0 | _a306.46 |
| 100 | 1 |
_aLevis, Diego, _d1954- |
|
| 245 | 1 | 3 |
_aLa pantalla ubicua : _btelevisores, computadoras y otras pantallas / _cDiego Levis |
| 250 | _a2a edición ampliada | ||
| 260 |
_aBuenos Aires : _bLa Crujía Ediciones, _c2009 |
||
| 300 |
_a327 p. ; _c20 cm. |
||
| 440 | 0 | _aColección Inclusiones., Serie Categorías | |
| 650 | 4 |
_94812 _aTecnología _xAspectos sociales |
|
| 650 | 4 |
_91636 _aSociedad de la información _xAspectos sociales |
|
| 650 | 4 |
_9598 _aTecnología y civilización |
|
| 942 |
_2lcc _cBK |
||
| 946 | _idpf | ||